000 00588nam a2200241Ia 4500
003 OSt
005 20221005123156.0
006 a|||||r|||| 00| 0
007 ta
008 221004b |||||||| |||| 00| 0 tam d
024 _a45634
037 _cTextual
040 _aCRL
_cCRL
_btam
041 _2tam
_atam
082 _aEwM22, 31K5
100 _aVaithanna Au.
_9633280
245 0 _aKrumivedan lwis pasture
260 _c1965
300 _a172p.
_ccm.
650 _aCHEMISTRY
942 _hEwM22, 31K5
_cTEXL
_2cc
999 _c1046618
_d1046618